Mixed Word: Bodies of Water Quiz Stats

Quiz Updated Aug 17, 2015

Also try: Mixed Word: Rivers
Challenge
Share
Tweet
Embed
Score 0/17 Timer 02:00
1 Play Today
Hint Answer % Correct
KLAELake
99.7%
OOLPPool
99%
ASESea
99%
RIREVRiver
98.9%
NOPDPond
97.1%
NCAEOOcean
95.6%
KROBOBrook
91.5%
ERKECCreek
89.9%
CLHOLoch
86.1%
Hint Answer % Correct
NAACLCanal
84.2%
DELUPDPuddle
79.4%
ONOGLALagoon
75.4%
MRTSAEStream
72.2%
NCHNALEChannel
62.3%
QEUDTCAUAqueduct
54.9%
MUUIQAARAquarium
52%
VIERORRSEReservoir
31%

You're not logged in!

Compare scores with friends on all Sporcle quizzes.
Sign Up with Email
OR
Log In

You Might Also Like...

Show Comments

Extras

Top Quizzes Today


Score Distribution

Your Account Isn't Verified!

In order to create a playlist on Sporcle, you need to verify the email address you used during registration. Go to your Sporcle Settings to finish the process.

Report this User

Report this user for behavior that violates our Community Guidelines.

Details: